000
00307nam a22001217a 4500
008
170210b xxu||||| |||| 00| 0 eng d
041
_a
eng
080
_a
61
100
_a
4
101
_a
SHM
245
_a
THE ROLE OF EMERGENCY MEDICINE IN THE FUTURE OF AMERICAN MEDICAL CARE
_c
BOWLES, L.TH
942
_2
udc
_c
BK
999
_c
5092
_d
5092